Actors who worked with Stephen Sommers - Statistics

General Stats
  • This quiz has been taken 11 times
  • The average score is 16 of 60
Answer Stats
Films Answer % Correct
The Mummy, The Mummy Returns, G.I. Joe: The Rise of Cobra Brendan Fraser
100%
Van Helsing Hugh Jackman
88%
G.I. Joe: The Rise of Cobra Channing Tatum
75%
The Mummy Returns Dwayne Johnson
75%
The Mummy, The Mummy Returns Rachel Weisz
75%
Van Helsing Kate Beckinsale
63%
Odd Thomas Anton Yelchin
50%
The Mummy, The Mummy Returns, G.I. Joe: The Rise of Cobra, Odd Thomas Arnold Vosloo
50%
G.I. Joe: The Rise of Cobra Dennis Quaid
50%
Deep Rising Famke Janssen
50%
The Jungle Book Jason Scott Lee
50%
The Jungle Book Cary Elwes
38%
The Adventures of Huck Finn Elijah Wood
38%
The Mummy, The Mummy Returns John Hannah
38%
The Jungle Book Lena Headey
38%
G.I. Joe: The Rise of Cobra Marlon Wayans
38%
The Mummy, The Mummy Returns Oded Fehr
38%
G.I. Joe: The Rise of Cobra Ray Park
38%
The Jungle Book Sam Neill
38%
Deep Rising Treat Williams
38%
The Adventures of Huck Finn Courtney B. Vance
25%
Van Helsing David Wenham
25%
Deep Rising Djimon Hounsou
25%
Deep Rising Jason Flemyng
25%
The Jungle Book John Cleese
25%
The Mummy Jonathan Hyde
25%
G.I. Joe: The Rise of Cobra Jonathan Pryce
25%
G.I. Joe: The Rise of Cobra Joseph Gordon-Levitt
25%
The Mummy, The Mummy Returns Patricia Velásquez
25%
Van Helsing Richard Roxburgh
25%
G.I. Joe: The Rise of Cobra Sienna Miller
25%
Deep Rising Wes Studi
25%
The Mummy Returns, G.I. Joe: The Rise of Cobra Adewale Akinnuoye-Agbaje
13%
G.I. Joe: The Rise of Cobra Christopher Eccleston
13%
Deep Rising Cliff Curtis
13%
Deep Rising Clifton Powell
13%
Deep Rising Derrick O'Connor
13%
The Mummy Erick Avari
13%
The Mummy Returns Freddie Boath
13%
Catch Me If You Can Geoffrey Lewis
13%
Deep Rising, The Mummy, Van Helsing, G.I. Joe: The Rise of Cobra Kevin J. O'Connor
13%
G.I. Joe: The Rise of Cobra Lee Byung-hun
13%
G.I. Joe: The Rise of Cobra Rachel Nichols
13%
The Adventures of Huck Finn, Van Helsing Robbie Coltrane
13%
The Adventures of Huck Finn Ron Perlman
13%
Van Helsing Samuel West
13%
The Mummy Returns Shaun Parkes
13%
Van Helsing Shuler Hensley
13%
The Mummy Returns, Van Helsing, Tom Fisher
13%
Deep Rising Trevor Goddard
13%
Van Helsing Will Kemp
13%
Odd Thomas Addison Timlin
0%
The Adventures of Huck Finn Frances Conroy
0%
Catch Me If You Can Grant Heslov
0%
The Adventures of Huck Finn Jason Robards
0%
Catch Me If You Can Matt Lattanzi
0%
Odd Thomas Melissa Ordway
0%
Catch Me If You Can M. Emmet Walsh
0%
G.I. Joe: The Rise of Cobra Saïd Taghmaoui
0%
Odd Thomas Willem Defoe
0%
No matching quizzes found
Score Distribution
Percent of People with Each Score
Percentile by Number Answered
Your Score History
You have not taken this quiz